| 000 | 00558cam a2200181 4500 | ||
|---|---|---|---|
| 008 | 050303t20002000mau 000 0 eng u | ||
| 020 | _a0072395451 | ||
| 035 | _aa444571 | ||
| 050 | 0 | 0 |
_aHD30.28 _B43 2000 |
| 100 | 1 | _aBeamish, Paul W. | |
| 245 | 1 | 0 |
_aAsia-Pacific cases in strategic management / _cPaul W. Beamish. |
| 260 |
_aBoston : _bIrwin/McGraw-Hill, _c2000 |
||
| 300 |
_axxiv, 408 p. : _bil. ; _c24 cm. |
||
| 504 | _aIncluye apéndice e índice | ||
| 506 | _aRec. prop. esc. | ||
| 650 | 1 | 0 |
_aPlaneación estratégica _zAsia |
| 942 |
_2lcc _cLIB |
||
| 999 |
_c105738 _d105738 |
||